MARC

LEADER 00000nam0a2200000 4500
001 354992
005 20231102010740.0
035 |a (RuTPU)RU\TPU\retro\12251 
090 |a 354992 
100 |a 20200630d1973 km y0rusy50 ca 
101 0 |a rus 
102 |a UA 
105 |a a g 001zy 
200 1 |a Справочник по буровзрывным работам на карьерах  |f М. Ф. Друкованный, Л. В. Дубнов, Б. Н. Кутузов, Э. И. Ефремов  |g под ред. М. Ф. Друкованного 
210 |a Киев  |c Наукова думка  |d 1973 
215 |a 440 с.  |c ил. 
300 |a Авт. указ. на обороте тит. л. 
320 |a Библиогр.: с. 433-435 
606 1 |a Буровзрывные работы на карьерах  |2 stltpush  |3 (RuTPU)RU\TPU\subj\30505  |9 53608 
610 1 |a горные породы 
610 1 |a полезные ископаемые 
610 1 |a буровые работы 
610 1 |a взрывание 
610 1 |a взрывчатые вещества 
610 1 |a взрывные работы 
610 1 |a заряд 
610 1 |a открытые разработки 
610 1 |a карьеры 
610 1 |a справочники 
675 |a 622.233.015(035)  |v 4 
701 1 |a Друкованный  |b М. Ф.  |g Михаил Федорович 
701 1 |a Дубнов  |b Л. В.  |g Лев Владимирович 
701 1 |a Кутузов  |b Б. Н.  |g Борис Николаевич 
701 1 |a Ефремов  |b Э. И.  |g Эрнест Иванович 
702 1 |a Друкованный  |b М. Ф.  |g Михаил Федорович  |4 340 
801 1 |a RU  |b 63413507  |c 20200630 
801 2 |a RU  |b 63413507  |c 20210126  |g RCR 
942 |c BK